000 00226nam a2200097Ia 4500
008 190216s9999||||xx |||||||||||||| ||und||
100 _aNull
245 0 _aHindi-Maksvathi Kavya Shashthr Ki Nomika
260 _bNull
942 _cBK
999 _c17860
_d17860